000 00729nam2a2200217 4500
001 RU\NLR\BIBL_A\022752046
005 20260322045054.0
010 _a978-5-00250-569-2
035 _a(NLR Aleph) 022752046
090 _a13636579
_c13636579
100 _a20260312d2026 u y0rusy50 ca
101 0 _arus
102 _aRU
105 _ay z 000 y
200 0 _aТ. 2
210 _d2026
215 _a380, [3] с.
_d21
461 0 _1001RU\NLR\BIBL_A\022727084
_12001#$aТри мушкетера: роман$vТ. 2
_913650272
_aДюма, А. (отец ; 1802-1870)
_cМосква
_d2026-
_fАлександр Дюма
_nМИФ
_oроман
_tТри мушкетера
_y978-5-00250-567-8
_vТ. 2
942 _cBOOK
980 _aNB